Seven Precepts of Druze Quiz Stats

 Plays Quiz not verified by Sporcle

Score 0/7 Timer 01:00
1 Play Today
% Correct
evil
78.8%
protection
66.7%
submission
63.1%
truthfulness
58.3%
acts
54.5%
worship
53.5%
confession
46.5%

You're not logged in!

Compare scores with friends on all Sporcle quizzes.
OR
Log In

Show Comments

Extras

Top Quizzes Today


Score Distribution

Your Account Isn't Verified!

In order to create a playlist on Sporcle, you need to verify the email address you used during registration. Go to your Sporcle Settings to finish the process.

Report this User

Report this user for behavior that violates our Community Guidelines.

Details: